<?xml version="1.0" encoding="UTF-8"?><?xml-stylesheet type="text/xsl" href="static/style.xsl"?><OAI-PMH xmlns="http://www.openarchives.org/OAI/2.0/" xmlns:xsi="http://www.w3.org/2001/XMLSchema-instance" xsi:schemaLocation="http://www.openarchives.org/OAI/2.0/ http://www.openarchives.org/OAI/2.0/OAI-PMH.xsd"><responseDate>2026-04-17T06:38:56Z</responseDate><request verb="GetRecord" identifier="oai:www.recercat.cat:20.500.14342/717" metadataPrefix="marc">https://recercat.cat/oai/request</request><GetRecord><record><header><identifier>oai:recercat.cat:20.500.14342/717</identifier><datestamp>2025-05-15T19:17:57Z</datestamp><setSpec>com_2072_482405</setSpec><setSpec>com_2072_183628</setSpec><setSpec>col_2072_482409</setSpec></header><metadata><record xmlns="http://www.loc.gov/MARC21/slim" xmlns:dcterms="http://purl.org/dc/terms/" xmlns:xsi="http://www.w3.org/2001/XMLSchema-instance" xmlns:doc="http://www.lyncode.com/xoai" xsi:schemaLocation="http://www.loc.gov/MARC21/slim http://www.loc.gov/standards/marcxml/schema/MARC21slim.xsd">
   <leader>00925njm 22002777a 4500</leader>
   <datafield ind2=" " ind1=" " tag="042">
      <subfield code="a">dc</subfield>
   </datafield>
   <datafield ind2=" " ind1=" " tag="720">
      <subfield code="a">Cuesta Vargas, Antonio I.</subfield>
      <subfield code="e">author</subfield>
   </datafield>
   <datafield ind2=" " ind1=" " tag="720">
      <subfield code="a">Giné-Garriga, Maria</subfield>
      <subfield code="e">author</subfield>
   </datafield>
   <datafield ind2=" " ind1=" " tag="260">
      <subfield code="c">2014-05</subfield>
   </datafield>
   <datafield ind2=" " ind1=" " tag="520">
      <subfield code="a">Purposes:
The first objective was to propose a new model representing the balance level of adults with intellectual and developmental disabilities (IDD) using Principal Components Analysis (PCA); and the second objective was to use the results from the PCA recorded by regression method to construct and validate summative scales of the standardized values of the index, which may be useful to facilitate a balance assessment in adults with IDD.

Methods:
A total of 801 individuals with IDD (509 males) mean 33.1±8.5 years old, were recruited from Special Olympic Games in Spain 2009 to 2012. The participants performed the following tests: the timed-stand test, the single leg stance test with open and closed eyes, the Functional Reach Test, the Expanded Timed-Get-up-and-Go Test. Data was analyzed using principal components analysis (PCA) with Oblimin rotation and Kaiser normalization. We examined the construct validity of our proposed two-factor model underlying balance for adults with IDD. The scores from PCA were recorded by regression method and were standardized.

Results:
The Component Plot and Rotated Space indicated that a two-factor solution (Dynamic and Static Balance components) was optimal. The PCA with direct Oblimin rotation revealed a satisfactory percentage of total variance explained by the two factors: 51.6 and 21.4%, respectively. The median score standardized for component dynamic and static of the balance index for adults with IDD is shown how references values.

Conclusions:
Our study may lead to improvements in the understanding and assessment of balance in adults with IDD. First, it confirms that a two-factor model may underlie the balance construct, and second, it provides an index that may be useful for identifying the balance level for adults with IDD.</subfield>
   </datafield>
   <datafield ind1="8" ind2=" " tag="024">
      <subfield code="a">http://hdl.handle.net/20.500.14342/717</subfield>
   </datafield>
   <datafield ind1="8" ind2=" " tag="024">
      <subfield code="a">https://doi.org/10.1371/journal.pone.0096529</subfield>
   </datafield>
   <datafield tag="653" ind2=" " ind1=" ">
      <subfield code="a">Equilibri (Fisiologia) -- Tests</subfield>
   </datafield>
   <datafield tag="653" ind2=" " ind1=" ">
      <subfield code="a">Discapacitats mentals</subfield>
   </datafield>
   <datafield tag="653" ind2=" " ind1=" ">
      <subfield code="a">Discapacitats</subfield>
   </datafield>
   <datafield ind2="0" ind1="0" tag="245">
      <subfield code="a">Development of a new index of balance in adults with intellectual and developmental disabilities</subfield>
   </datafield>
</record></metadata></record></GetRecord></OAI-PMH>